| 000 | 00340nam a2200145Ia 4500 | ||
|---|---|---|---|
| 008 | 230917s9999||||xx |||||||||||||| ||und|| | ||
| 040 |
_e151781 _aMAIN |
||
| 041 | _aEnglish | ||
| 082 | _a891.21 K949 B:S | ||
| 100 | _aKshemendra | ||
| 245 | 0 | _aBrihtkatha menjari | |
| 260 |
_aNew Delhi _bPanini _c1931 |
||
| 300 | _a620p p. | ||
| 942 | _cBK | ||
| 999 |
_c223269 _d223269 |
||